| 000 | 00571nam a2200205Ia 4500 | ||
|---|---|---|---|
| 005 | 20260429112046.0 | ||
| 008 | 260429s9999||||xx |||||||||||||| ||und|| | ||
| 020 | _a9781666870701 | ||
| 041 | _aEnglish | ||
| 082 |
_a621.36 _bORT |
||
| 100 | _aOrtenberg, Fred | ||
| 245 | 0 |
_aAdvances in development of hyperspectral sensors / _cFred Ortenberg |
|
| 250 | _a1st ed. | ||
| 260 |
_aWilmington : _bAmerican Academic Publisher, _c2024. |
||
| 300 | _ax, 274 p.; hb | ||
| 650 | _a Remote sensing | ||
| 650 | _a Sensors | ||
| 650 | _aHyperspectral imaging | ||
| 942 | _cTB | ||
| 999 |
_c52133 _d52133 |
||